| 000 | 00764cam a2200205 i 4500 | ||
|---|---|---|---|
| 001 | 18134788 | ||
| 005 | 20240215005619.0 | ||
| 008 | 140430s2009 ce b f000 0 eng | ||
| 020 | _a9789550249008 | ||
| 040 |
_aDLC _beng _cDLC _erda |
||
| 082 |
_222 _a320. _bCHU. |
||
| 100 | 1 | _aKodikara, Chulani, | |
| 245 | 1 | 4 |
_aThe struggle for equal political representation of women in Sri Lanka : _ba stocktaking report for the Ministry of Child Development and Women's Empowerment and the United Nations Development Programme / _cChulani Kodikara. |
| 260 |
_aKiribathgoda : _bSarasavi off- set printers / _c2009. |
||
| 300 | _axi, 178 pages ; | ||
| 650 | 0 | _aWomen | |
| 650 | 0 | _aPolitical participation | |
| 650 | 0 | _aRepresentative government and representation | |
| 942 | _cL | ||
| 999 |
_c398 _d398 |
||